000 00543cam a2200217 4500
008 000000n2000 000 0 eng u
020 _a0406913579
035 _a(Sirsi) u109815
050 _a346.41024
100 _aSelwyn, Norman
245 _aSelwyn's law of employment.
250 _a11th ed.
260 _aLondon
_bButterworth
_c2000
300 _alxxxiv, 706p. ; 25cm.
350 _a24.95
650 _aEMPLOYMENT LAW
650 _aEMPLOYMENT CONTRACTS
650 _aHEALTH AND SAFETY
_96244
690 _aLAW
942 _n0
999 _c100994
_d100994